| 000 | 01117nam a2200313 i 4500 | ||
|---|---|---|---|
| 003 | DO-SdBNP | ||
| 005 | 20250627144902.0 | ||
| 007 | ta | ||
| 008 | 250627b2024 dr ac||| |||| 00| 0 spa d | ||
| 020 | _a9789945408249 | ||
| 040 |
_aDO-SdBNP _bspa _cBNPHU _erda |
||
| 041 | _aspa | ||
| 082 | 4 |
_axxx _bC117h 2024 _222 |
|
| 100 | 1 |
_aCabral, Euri _eautor _4aut. _91097 |
|
| 245 | 1 | 3 |
_aLa historia del merengue : _borígenes, etapas y líderes / _cEuri Cabral ; prólogo, Wanda Sánchez. |
| 250 | _aSegunda edición corregida y ampliada | ||
| 264 |
_aSanto Domingo, República Dominicana : _bEditorial Acroarte, _bEditorial Ianna, _c2024. |
||
| 300 |
_a258 páginas : _bilustraciones, retratos ; _c24 cm. |
||
| 336 |
_atexto _btxt _2rdacontent |
||
| 337 |
_asin mediación _bn _2rdamedia |
||
| 338 |
_avolumen _bnc _2rdacarrier |
||
| 500 | _aIncluye datos biográficos del autor en la solapa de la cubierta. | ||
| 500 | _aIncluye índice | ||
| 504 | _aBibliografía: páginas 251-257 | ||
| 590 | _aInventariado, 2025 /LP | ||
| 700 | 1 |
_aSánchez, Wanda _eprologuista _4pr. _988213 |
|
| 910 | _aLP | ||
| 942 |
_2ddc _cLBS1 |
||
| 999 |
_c59394 _d59394 |
||